000 00819nam a2200241 a 4500
001 13014
003 BD-JhCC
005 20230613193355.0
008 230613s2022 bg |||| |||| 000 0 ben d
020 _a9789849573654
035 _a(BD-JhCC)13014
040 _aBD-JhCC
_dBD-JhCC
041 _aben
082 _a813.6
_bSAG 2022
100 _aস্যাগার, রাইলি
245 _aদ্য লাস্ট টিইম আই লাইভ /
_cরাইলি স্যাগার; কুদরতে জাহান (অনু.)
260 _aঢাকা :
_bগ্রন্থরাজ্য,
_c২০২২
300 _a৩৩৩ পৃ. :
_c২১ সেমি.
650 _aMissing persons
650 _aWomen artists
700 _aজাহান, কুদরতে
942 _2ddc
_cBK
999 _c13014
_d13014